000 01395cam a2200421 a 4500
999 _c2412
_d2412
001 ocm64594154
003 OCoLC
005 20170925145035.0
008 060302s2006 fr 000 0 fre d
020 _a2130554946
020 _a9782130554943
029 0 _aTZT
_bJTL00175615
035 _a(OCoLC)64594154
040 _aTZT
_beng
_cTZT
_dAUXAM
_dCGU
_dLVB
_dWAU
_dDEBBG
_dOCLCQ
041 _afre
043 _ae------
049 _aTZAA
050 4 _aKJE969
_b.O47
072 7 _aK
_2lcco
082 1 4 _a341
_21
100 1 _aOlson, Terry,
_d1959-
245 1 3 _aDroit international, le droit européen et la hiérarchie des normes /
_cTerry Olson, Paul Cassia.
260 _aParis :
_bPresses universitaires de France,
_c2006.
300 _a59 p. ;
_c18 cm.
490 1 _aDroit et justice. Notes de la mission
650 0 _aInternational and municipal law
_zEuropean Union countries.
_99867
650 0 _aLaw
_zEuropean Union countries.
650 6 _aDroit international et droit interne
_zPays de l'Union européenne.
650 6 _aDroit
_zPays de l'Union européenne.
650 0 7 _aInternationales Recht.
_2swd
650 0 7 _aRecht.
_2swd
650 0 7 _aRechtsnorm.
_2swd
651 7 _aEuropäische Union.
_2swd
653 _aInternational and European law
700 1 _aCassia, Paul.
830 0 _aDroit et justice (Paris, France).
_pNotes de la mission.
942 _2lcc
_cBOOK